000 00462nam a2200169 4500
001 116078
003 ES-MaACL
005 20240201133419.0
007 t|
008 061121s1970 sp r ||||1| spa d
100 1 _aParís, Carlos,
_d1925-2014
_989133
245 1 0 _aHombres y naturaleza /
_cCarlos París.
260 _aMadrid :
_bTecnos,
_c1970.
300 _a201 p. ;
_c21 cm.
852 _aES-MaACL
_jC-36989
_bR.72567
999 _c116078
_d116078